书目信息 |
| 题名: |
京剧生行艺术家浅论
|
|
| 作者: | 王庚生 讲述 ;吴同宾 , 李相心 整理 | |
| 分册: | ||
| 出版信息: | 北京 中国戏剧出版社 1981 |
|
| 页数: | 303页 | |
| 开本: | 19cm | |
| 丛书名: | ||
| 单 册: | ||
| 中图分类: | J821.2 | |
| 科图分类: | ||
| 主题词: | 京剧-表演艺术--概论 , 表演艺术-京剧--概论 | |
| 电子资源: | ||
| ISBN: | ||
| 000 | 00778nam0 2200265 45 | |
| 001 | 0181009681 | |
| 005 | 20070730150037.85 | |
| 010 | @dCNY0.95 | |
| 091 | @aCN@b8069.112 | |
| 100 | @a19950222d1981 em y0chiy0121 ea | |
| 101 | 0 | @achi |
| 102 | @aCN@b110000 | |
| 105 | @af z 000yy | |
| 200 | 10 | @a京剧生行艺术家浅论@Ajing ju sheng xing yi shu jia qian lun@f王庚生讲述@g吴同宾, 李相心整理 |
| 210 | @a北京@c中国戏剧出版社@d1981 | |
| 215 | @a303页@c剧照@d19cm | |
| 606 | @a京剧-表演艺术@x概论 | |
| 606 | @a表演艺术-京剧@x概论 | |
| 690 | @aJ821.2@v3 | |
| 701 | 0 | @a王庚生@Awang geng sheng@4讲述 |
| 702 | 0 | @a吴同宾@Awu tong bin@4整理 |
| 702 | 0 | @a李相心@Ali xiang xin@4整理 |
| 801 | 0 | @aCN@bTSSF@c20070730 |
| 801 | 2 | @aCN@bNLC@c20060912 |
| 905 | @a10447@dJ821.2@e79 | |
| 京剧生行艺术家浅论/王庚生讲述/吴同宾, 李相心整理.-北京:中国戏剧出版社,1981 |
| 303页:剧照;19cm |
| ISBN :CNY0.95 |
| ● |
| 相关链接 |
|
|
|
|
正题名:京剧生行艺术家浅论
索取号:J821.2/79
 
预约/预借
| 序号 | 登录号 | 条形码 | 馆藏地/架位号 | 状态 | 备注 |
| 1 | 0475181 | 204751811 | 密集书库/ [索取号:J821.2/79] | 在馆 | |
| 2 | 0785532 | 207855329 | 密集书库/ [索取号:J821.2/79] | 在馆 |